000 00637nam a2200205 i 4500
001 75270
003 ES-MaACL
005 20230906172405.0
007 t|
008 040923s1931 sp ||||1| spa d
100 1 _aGrant, J. C.
_959658
245 1 0 _aDe la mina al cementerio
_b: novela /
_cJ.C. Grant ; traducción del inglés por Eloy Benítez.
260 _aMadrid :
_bCenit,
_c1931] (
_fArgis)
300 _a276 p. ;
_c19 cm.
490 1 _aColección de la novela proletaria
700 1 _aBenítez, Eloy.
_927599
830 0 _aColección de la novela proletaria
_9231248
852 _aES-MaACL
_jA-648
999 _c75270
_d75270